| 000 | 00716nam a2200217 i 4500 | ||
|---|---|---|---|
| 001 | 16456 | ||
| 003 | ES-MaACL | ||
| 005 | 20250818173555.0 | ||
| 007 | t| | ||
| 008 | 000922s1980 po ||||1| por d | ||
| 080 | _a012 Camoes, Luís de | ||
| 080 | _a016:821.134.3 Camoes, Luís de | ||
| 245 | 0 | 0 |
_aCamoniana da Biblioteca Municipal de Santarém _b: catálogo. |
| 260 |
_aSantarém : _bCamara Municipal, Biblioteca, _c1980. |
||
| 300 |
_a[100] p. : _bil. ; _c26 cm. |
||
| 500 | _aPrecede al tit.: Centenário de Camoes. | ||
| 600 | 1 | 4 |
_aCamões, Luís de, _d1524?-1580 _9181622 |
| 710 | 2 |
_aSantarém. _bCámara Municipal. _96502 |
|
| 852 |
_aES-MaACL _jG-2203 _bR.123662 |
||
| 999 |
_c16456 _d16456 |
||